Estadísticas para Los Grandes Lagos de Norte América

Haz click aquí para tomar la prueba!

Estadísticas generales

  • Esta prueba ha sido tomada 569 veces
  • La puntuación promedio es 4 de 5

Respuestas en el mapa

Las respuestas están codificadas por una escala verde-roja en el mapa de la prueba según el % correcto abajo.
Cargando...
 

Estadísticas de respuestas

SuperficieLago% Correcto
58,000 km2Míchigan
92%
82,000 km2Superior
83%
18,960 km2Ontario
74%
25,700 km2Erie
66%
60,000 km2Hurón
58%

Distribución de puntuación

Porcentaje por número respondido

Porcentaje de gente con cada puntuación

Historial de tus puntuaciones

No has tomado esta prueba